| 000 | 01182 a2200193 4500 | ||
|---|---|---|---|
| 003 | Nust | ||
| 005 | 20230221183307.0 | ||
| 020 | _a0710609582 | ||
| 040 | _cNust | ||
| 082 | _a358.24,JAN | ||
| 100 |
_aJohn Williamson _9109400 |
||
| 245 |
_aJanes Military Communications / _cJohn Williamson |
||
| 250 | _a12th ed | ||
| 260 |
_aUK _bJane,s information group _c1991 |
||
| 300 | _a801p | ||
| 505 | _aAcronyms and code names (Page-15), Units and abbreviations (Page-19), Glossary (Page-23), Frequency bands and designations (Page-25), Designation of radio emissions (Page-27), An numbered communications equipment (Page-29), Radio communication tactical ground (Page-141), Terrestrial microwave and tropospheric scatter (Page-194), Naval system and equipment (Page-228), Air force (Page-273), Line communications and message switching (Page-371), Data transmission and reception,modms and terminals (Page-419), Electronic warfare (Pag- 494), Direction finding (Page-532), Antennas and masts (Page- 606), Laser,optical and video (Page-702), Systems (Page-712), Directory of associated contractors (Page- 779). | ||
| 650 |
_aJanes Military Communications _9109401 |
||
| 942 |
_cREF _2ddc |
||
| 999 |
_c184433 _d184433 |
||